<?xml version="1.0" encoding="UTF-8"?><marc:collection xmlns:marc="http://www.loc.gov/MARC21/slim">
  <marc:record>
    <marc:leader>00000nam  2200000za 4500</marc:leader>
    <marc:controlfield tag="001">9.801118</marc:controlfield>
    <marc:controlfield tag="003">CaOODSP</marc:controlfield>
    <marc:controlfield tag="005">20221107134734</marc:controlfield>
    <marc:controlfield tag="007">cr |||||||||||</marc:controlfield>
    <marc:controlfield tag="008">160728s2015    onc     ob   f000 0 fre d</marc:controlfield>
    <marc:datafield tag="020" ind1=" " ind2=" ">
      <marc:subfield code="a">978-0-660-02467-7</marc:subfield>
    </marc:datafield>
    <marc:datafield tag="040" ind1=" " ind2=" ">
      <marc:subfield code="a">CaOODSP</marc:subfield>
      <marc:subfield code="b">fre</marc:subfield>
    </marc:datafield>
    <marc:datafield tag="043" ind1=" " ind2=" ">
      <marc:subfield code="a">n-cn---</marc:subfield>
    </marc:datafield>
    <marc:datafield tag="086" ind1="1" ind2=" ">
      <marc:subfield code="a">H129-48/2015F-PDF</marc:subfield>
    </marc:datafield>
    <marc:datafield tag="245" ind1="0" ind2="0">
      <marc:subfield code="a">Limites d'exposition humaine à l'énergie électromagnétique radioélectrique dans la gamme de fréquences de 3 kHz à 300 GHz </marc:subfield>
      <marc:subfield code="h">[ressource électronique].</marc:subfield>
    </marc:datafield>
    <marc:datafield tag="260" ind1=" " ind2=" ">
      <marc:subfield code="a">Ottawa : </marc:subfield>
      <marc:subfield code="b">Santé Canada, </marc:subfield>
      <marc:subfield code="c">2015.</marc:subfield>
    </marc:datafield>
    <marc:datafield tag="300" ind1=" " ind2=" ">
      <marc:subfield code="a">iv, 18 p.</marc:subfield>
    </marc:datafield>
    <marc:datafield tag="500" ind1=" " ind2=" ">
      <marc:subfield code="a">Publ. aussi en anglais sous le titre : Limits of human exposure to radiofrequency electromagnetic energy in the frequency range from 3 kHz to 300 GHz.</marc:subfield>
    </marc:datafield>
    <marc:datafield tag="500" ind1=" " ind2=" ">
      <marc:subfield code="a">« Bureau de la protection contre les rayonnements des produits cliniques et de consommation, Direction des sciences de la santé environnementale et de la radioprotection, Direction générale de la santé environnementale et de la sécurité des consommateurs, Santé Canada. »</marc:subfield>
    </marc:datafield>
    <marc:datafield tag="500" ind1=" " ind2=" ">
      <marc:subfield code="a">« Code de sécurité 6 (2015). »</marc:subfield>
    </marc:datafield>
    <marc:datafield tag="504" ind1=" " ind2=" ">
      <marc:subfield code="a">Comprend des références bibliographiques.</marc:subfield>
    </marc:datafield>
    <marc:datafield tag="520" ind1=" " ind2=" ">
      <marc:subfield code="a">Le présent code spécifie les niveaux d’exposition maximale du corps humain aux radiofréquences (RF) se situant dans la gamme de fréquences de 3 kHz à 300 GHz afin d’éviter des effets nocifs sur la santé humaine dans des environnements contrôlés et non contrôlés. Dans le présent code, un environnement contrôlé est un environnement qui remplit toutes les conditions ci-dessous : les intensités des champs RF d’un secteur contrôlé ont été caractérisées convenablement au moyen de mesures ou de calculs, l’exposition est subie par des personnes qui sont conscientes de la possibilité d’une exposition à de l’énergie RF et connaissent l’intensité des champs RF dans leur environnement, et l’exposition est subie par des personnes qui sont conscientes des risques potentiels pour la santé associés aux expositions aux RF et peuvent contrôler ces risques au moyen de stratégies d’atténuation. Tous les environnements non conformes aux conditions précitées sont considérés comme non contrôlés. Les environnements non contrôlés sont soit des secteurs où l’évaluation des champs RF est insuffisante, soit des secteurs auxquels ont accès des personnes qui n’ont pas été sensibilisées de manière appropriée ni formées adéquatement en matière de sécurité en ce qui concerne les RF, et qui n’ont pas les moyens d’évaluer leur exposition à ces champs ou, s’il y a lieu, de prendre des mesures pour atténuer leur exposition aux RF.</marc:subfield>
    </marc:datafield>
    <marc:datafield tag="692" ind1="0" ind2="7">
      <marc:subfield code="2">gccst</marc:subfield>
      <marc:subfield code="a">Rayonnement</marc:subfield>
    </marc:datafield>
    <marc:datafield tag="692" ind1="0" ind2="7">
      <marc:subfield code="2">gccst</marc:subfield>
      <marc:subfield code="a">Mesure de sécurité</marc:subfield>
    </marc:datafield>
    <marc:datafield tag="710" ind1="1" ind2=" ">
      <marc:subfield code="a">Canada. </marc:subfield>
      <marc:subfield code="b">Santé Canada.</marc:subfield>
      <marc:subfield code="b">Direction générale de la santé environnementale et de la sécurité des consommateurs.</marc:subfield>
    </marc:datafield>
    <marc:datafield tag="775" ind1="0" ind2="8">
      <marc:subfield code="t">Limits of human exposure to radiofrequency electromagnetic energy in the frequency range from 3 kHz to 300 GHz </marc:subfield>
      <marc:subfield code="w">(CaOODSP)9.801117</marc:subfield>
    </marc:datafield>
    <marc:datafield tag="856" ind1="4" ind2="0">
      <marc:subfield code="q">PDF</marc:subfield>
      <marc:subfield code="s">199 Ko</marc:subfield>
      <marc:subfield code="u">https://publications.gc.ca/collections/collection_2016/sc-hc/H129-48-2015-fra.pdf</marc:subfield>
    </marc:datafield>
    <marc:datafield tag="986" ind1=" " ind2=" ">
      <marc:subfield code="a">150022</marc:subfield>
    </marc:datafield>
  </marc:record>
</marc:collection>
